PSAT/NMSQT 2017 Strategies, Practice & Review with 2 Practice Tests: Online + Book / (Record no. 592986)
[ view plain ]
| 000 -LEADER | |
|---|---|
| fixed length control field | 00595nam a22001457a 4500 |
| 003 - CONTROL NUMBER IDENTIFIER | |
| control field | NUST |
| 005 - DATE AND TIME OF LATEST TRANSACTION | |
| control field | 20230125095456.0 |
| 008 - FIXED-LENGTH DATA ELEMENTS--GENERAL INFORMATION | |
| fixed length control field | 230125b ||||| |||| 00| 0 eng d |
| 082 ## - DEWEY DECIMAL CLASSIFICATION NUMBER | |
| Classification number | 378.1664,PSA |
| 245 ## - TITLE STATEMENT | |
| Title | PSAT/NMSQT 2017 Strategies, Practice & Review with 2 Practice Tests: Online + Book / |
| 260 ## - PUBLICATION, DISTRIBUTION, ETC. | |
| Place of publication, distribution, etc. | New York |
| Name of publisher, distributor, etc. | Kaplan |
| Date of publication, distribution, etc. | 2016 |
| 300 ## - PHYSICAL DESCRIPTION | |
| Extent | xvii, 485p. |
| 505 ## - FORMATTED CONTENTS NOTE | |
| Formatted contents note | Part I: Math (Page-5), Part II: Reading (Page-191), Part III: Writing (Page-281), Part IV: Review (Page-341), Part V: Practice Test (Page-353), Part VI: Answer & Explanations (Page-425). |
| 942 ## - ADDED ENTRY ELEMENTS (KOHA) | |
| Source of classification or shelving scheme | |
| Koha item type | Book |
| Call number prefix | 378.1664,PSA |
| Withdrawn status | Lost status | Source of classification or shelving scheme | Damaged status | Not for loan | Permanent Location | Current Location | Shelving location | Date acquired | Total Checkouts | Full call number | Barcode | Date last seen | Price effective from | Koha item type | Public note |
|---|---|---|---|---|---|---|---|---|---|---|---|---|---|---|---|
| Military College of Signals (MCS) | Military College of Signals (MCS) | General Stacks | 01/25/2023 | 378.1664,PSA | MCS37684 | 01/25/2023 | 01/25/2023 | Book | Almirah No. 54, Shelf No. 4 |
